Music Quiz

Random Music or Song Quiz

Song Trios Quiz Stats

Quiz not verified by Sporcle

Challenge
Share
Tweet
Score 0/20 Timer 04:00
0 Plays Today
% Correct
Alejandro
77.4%
Blow Me (One Last Kiss)
48.4%
The Importance of Being Idle
38.7%
Starships
35.5%
Please Please Me
32.3%
The Power of Love
22.6%
Bye Bye Bye
22.6%
Korea
22.6%
Everywhere
19.4%
Slam Dunk (Da Funk)
19.4%
% Correct
One Love
16.1%
Never Tear Us Apart
16.1%
Theme from Mahogany (Do You Know Where You're Going To)
12.9%
Personal Jesus
9.7%
(I Can't Get No) Satisfaction
9.7%
Pray
9.7%
Nikita
6.5%
Cameo Lover
6.5%
Strangeness and Charm
3.2%
Rolling in the Deep
0%

You're not logged in!

Compare scores with friends on all Sporcle quizzes.
Sign Up with Email
OR
Log In

You Might Also Like...

Show Comments

Extras

Top Quizzes Today


Score Distribution

Your Account Isn't Verified!

In order to create a playlist on Sporcle, you need to verify the email address you used during registration. Go to your Sporcle Settings to finish the process.

Report this User

Report this user for behavior that violates our Community Guidelines.

Details: